[Event "Nova Gorica op-B 11th"]
[Site "Nova Gorica"]
[Date "2006.01.30"]
[Round "6"]
[White "Dobravec, Tatjana"]
[Black "Mirkovic, Nikola"]
[Result "0-1"]
[WhiteElo "1500"]
[BlackElo "1688"]
[PlyCount "56"]
[EventDate "2006.01.27"]
[EventType "swiss"]
[EventRounds "9"]
[EventCountry "SLO"]
[SourceTitle "CBM 110 Extra"]
[Source "ChessBase"]
[SourceDate "2006.03.10"]
[SourceVersion "2"]
[SourceVersionDate "2006.03.10"]
[SourceQuality "1"]

1. e4 e6 2. d4 d5 3. e5 c5 4. Nf3 Nc6 5. Be3 Qb6 6. c3 Qxb2 7. Nbd2 Qxc3 8. Rc1 Qa5 9. dxc5 Nge7 10. Bd3 Qc7 11. 0-0 Nxe5 12. Bf4 Nxf3+ 13. Nxf3 Qxf4 14. Re1 Nc6 15. Be2 Be7 16. g3 Qc7 17. Qa4 0-0 18. Qg4 e5 19. Rcd1 Bxg4 20. Rxd5 Rad8 21. Red1 Rxd5 22. Rxd5 e4 23. Rd2 Bxf3 24. Bxf3 exf3 25. Rd3 Ne5 26. Rc3 Bxc5 27. a4 Qd7 28. Rxc5 Qd1# 0-1

[Event "Nova Gorica op-B 11th"]
[Site "Nova Gorica"]
[Date "2006.01.29"]
[Round "5"]
[White "Zupancic, Jernej"]
[Black "Dobravec, Tatjana"]
[Result "1-0"]
[WhiteElo "1543"]
[BlackElo "1500"]
[PlyCount "79"]
[EventDate "2006.01.27"]
[EventType "swiss"]
[EventRounds "9"]
[EventCountry "SLO"]
[SourceTitle "CBM 110 Extra"]
[Source "ChessBase"]
[SourceDate "2006.03.10"]
[SourceVersion "2"]
[SourceVersionDate "2006.03.10"]
[SourceQuality "1"]

1. e4 e5 2. Nf3 Nc6 3. Bb5 Qf6 4. 0-0 a6 5. Ba4 Nge7 6. c3 d5 7. exd5 Nxd5 8. Bxc6+ bxc6 9. Nxe5 Qxe5 10. Re1 Bd6 11. Rxe5+ Bxe5 12. d4 Bd6 13. c4 Nf6 14. c5 Be7 15. f3 0-0 16. Nd2 Bb7 17. Nb3 Rad8 18. Qc2 g6 19. Bg5 Nd5 20. Bxe7 Nxe7 21. Re1 Nf5 22. Qc3 Bc8 23. g4 Nh6 24. Qe3 Nxg4 25. fxg4 Bxg4 26. Na5 Bd7 27. Qf3 Rfe8 28. Rxe8+ Bxe8 29. Nxc6 Bxc6 30. Qxc6 Rxd4 31. Qe8+ Kg7 32. Qe5+ f6 33. Qxd4 g5 34. Qd7+ Kg6 35. Qxc7 g4 36. h3 h5 37. hxg4 hxg4 38. Qf4 f5 39. c6 Kf6 40. c7 1-0

[Event "Nova Gorica op-B 11th"]
[Site "Nova Gorica"]
[Date "2006.01.28"]
[Round "2"]
[White "Zupancic, Urban"]
[Black "Dobravec, Tatjana"]
[Result "1-0"]
[WhiteElo "1783"]
[BlackElo "1500"]
[PlyCount "61"]
[EventDate "2006.01.27"]
[EventType "swiss"]
[EventRounds "9"]
[EventCountry "SLO"]
[SourceTitle "CBM 110 Extra"]
[Source "ChessBase"]
[SourceDate "2006.03.10"]
[SourceVersion "2"]
[SourceVersionDate "2006.03.10"]
[SourceQuality "1"]

1. e4 e5 2. Nf3 d6 3. d4 Nc6 4. Bb5 Nf6 5. dxe5 Nxe4 6. Qd5 Nc5 7. Nd4 Bd7 8. Nxc6 bxc6 9. Bxc6 Rb8 10. 0-0 Rb6 11. Bxd7+ Qxd7 12. exd6 Qxd6 13. Re1+ Ne6 14. Qxd6 Bxd6 15. Nd2 0-0 16. Nb3 Re8 17. Be3 Bb4 18. c3 c5 19. cxb4 Nd4 20. Bxd4 Rxe1+ 21. Rxe1 Re6 22. Rxe6 fxe6 23. bxc5 Kf8 24. c6 Ke8 25. Bxa7 Kd8 26. Bb6+ Kc8 27. Nd4 e5 28. Nf5 e4 29. Ne7+ Kb8 30. c7+ Kb7 31. c8Q+ 1-0